00678nam a2200193 a 450000100100000000500170001000800410002704000250006808200170009310000380011024500730014826000280022130000100024950400690025950400300032860000750035865000240043365000270045700002512620240412074251.0090928s1945 dr 000 0 spa d aDO-SdBNPbspacBNPHU a923.7bR696s1 aRodríguez Demorizi, Silveria R.10aSalomé Ureña de Henríquez /cSilveria R. Rodríguez Demorizi. a[s.l. :bs.n.,c1945?]. a45 p. aIncluye referencias bibliográficas y notas al pie de página. aBibliografía : p.41-45. 0aUREÑA DE HENRIQUEZ, SALOME,d1850-1897xCRÍTICA E INTERPRETACIÓN 0aPoesía dominicana 0aLiteratura dominicana.